Statistiques concernant Les villes les plus peuplées d'Aube

Cliquez ici pour prendre le quiz!

Statistiques générales

  • Ce quiz a été pris 110 fois
  • Le résultat moyen est 9 sur 20

Statistiques - réponses

PopulationVille% Correct
60 903Troyes
100%
6 273Bar-sur-Aube
82%
14 610Romilly-sur-Seine
78%
5 960Nogent-sur-Seine
76%
14 442La Chapelle-Saint-Luc
71%
3 513Bar-sur-Seine
67%
11 103Saint-André-les-Vergers
62%
10 124Sainte-Savine
56%
6 425Saint-Julien-les-Villas
56%
2 841Arcis-sur-Aube
48%
3 332Brienne-le-Château
46%
4 936Pont-Sainte-Marie
45%
2 615Saint-Parres-aux-Tertres
32%
2 625Vendeuvre-sur-Barse
29%
3 465Les Noës-près-Troyes
23%
2 602Rosières-près-Troyes
22%
2 952La Rivière-de-Corps
18%
2 631Saint-Lyé
13%
2 666Villenauxe-la-Grande
10%
2 151Saint-Germain
7%

Distribution des résultats

Percentile par nombre de réponses

% des personnes avec chaque résultat

Votre développement - résultats

Vous n’avez pas pris ce quiz